Attilâ İlhan armağanı : (Record no. 13238)

MARC details
000 -BAŞLIK
Sabit Uzunlukta Kontrol Alanı 00840nam a22002297a 4500
999 ## - SİSTEM KONTROL NUMARALARI (KOHA)
Koha Biblionumber 13238
Koha Biblioitemnumber 13238
003 - KONTROL NUMARASI IDENTIFIER
Denetim Alanı MIRAKIL
005 - SON İŞLEM TARİHİ VE ZAMANI
Denetim Alanı 20190510154400.0
008 - SABİT-BOY VERİ ELEMANLARI - GENEL BİLGİLER
Sabit Uzunlukta Kontrol Alanı 190510b tu ||||| |||| 00| 0 tur d
020 ## - ULUSLARARASI STANDART KİTAP NUMARASI
Uluslararası Standart Kitap Numarası 9789751735010
040 ## - KATALOGLAMA KAYNAK
Orijinal Kataloglama Ajansı TR-AnCHP
Metne Dönüştürmek Ajansı TR-AnCHP
041 ## - DİL KODU
Metin / Ses Parça Veya Ayrı Başlığın Dil Kodu tur
082 ## - DEWEY ONLU SINIFLANDIRMA NUMARASI
Sınıflandırma Numarası 928.94335
Ürün Numarası A75 2010
245 00 - BAŞLIK TABLOSU
Başlık Attilâ İlhan armağanı :
Başlığın Kalan Kaptan'a saygı ile. .. /
Sorumluluk Tablosu, Vb editör, Yakup Çelik.
260 ## - YAYIN, DAĞITIM, VB
Yayın, Dağıtım, Vb Yeri Ankara :
Yayıncı, Dağıtıcı, Vs Adı TC Kültür ve Turizm Bakanlığı, Kütüphaneler ve Yayımlar Genel Müdürlüğü,
Yayın, Dağıtım, Vb Tarihi 2010.
300 ## - FİZİKSEL TANIM
Kapsam 524 s. ;
Boyutlar 22 sm.
490 0# - SERİSİ TABLOSU
Seri Beyanı Kütüphaneler ve Yayımlar Genel Müdürlüğü ;
Hacim / Ardışık Tanımı 3063.
Seri Beyanı Anma ve armağan kitapları dizisi ;
Hacim / Ardışık Tanımı 1.
504 ## - KAYNAKÇA VB NOT
Kaynakça Vb Notu Kaynakça vardır.
600 10 - KONU KATMA GİRİŞ - KURUMSAL ADI
Kişisel Ad İlhan, Attilâ,
Bir Adıyla İlişkilendirilen Tarihler 1925-2005.
650 #0 - KONU KATMA GİRİŞ - TOPİKAL DÖNEM
Topikal Süreli Veya Coğrafi Ad Giriş Elemanı Yazarlar, Türk
Kronolojik Alt Bölümü 20. yy.
Form Alt Bölümü Yaşamöyküsü
700 1# - KATMA GİRİŞ - KİŞİSEL İSİM
Kişisel Ad Çelik, Yakup.
Relator Terim ed.
942 ## - EKLENDİ GİRİŞ ELEMANLARI (KOHA)
Sınıflandırma Veya Raf Düzeni Kaynak Dewey Decimal Classification
Koha Öğesi Türü Books
Holdings
Kalıcı Konum Mevcut Konum Edinme Tarihi Toplam Check-Out'Lar Tam Çağrı Numarası Barkod Tarih Son Görülme İtibaren Geçerli Fiyatlar Koha Öğesi Türü
CHP Kütüphanesi CHP Kütüphanesi 05/10/2019   928.94335 A75 2010 005381 05/10/2019 05/10/2019 Books